| 000 | 01168nam a2200241 a 4500 | ||
|---|---|---|---|
| 001 | 000073558 | ||
| 003 | AM-YEHGA | ||
| 005 | 20250617121728.0 | ||
| 008 | 990421s1984 ru |||||||||||||||||rus d | ||
| 040 | _aAM-YeHGA | ||
| 041 | 0 | _arus | |
| 245 | 0 | 0 |
_aВосток СССР / _cМ-во геологии СССР, АН СССР. ВСЕГЕИ ; Под ред. Л.И. Красного и В.К. Путинцева. |
| 260 |
_aЛенинград : _bНедра. Ленингр. отд-ние, _c1984. |
||
| 300 | _aтом | ||
| 505 | _gТ. 8 (1984, 560 с.) | ||
| 650 | 1 | 4 | _aГеология - СССР |
| 700 | 1 |
_aКрасный, Л.И. _eред. _4edt |
|
| 700 | 1 |
_aПутинцев, В.К. _eред. _4edt |
|
| 710 | 2 | _aВсесоюзный научно-исследовательский геологический институт им. А.П. Карпинского (ВСЕГЕИ) | |
| 773 | 0 | 8 |
_tГеологическое строение СССР и закономерности размещения полезных ископаемых : В 10-ти т. _dЛенинград : Недра. Ленингр. отд-ние |
| 942 |
_2udc _cBK |
||
| 090 | _c22402 | ||
| 999 |
_c22148 _d22148 |
||